| 000 | 00454nam a2200181Ia 4500 | ||
|---|---|---|---|
| 008 | 151202s9999||||xx |||||||||||||| ||und|| | ||
| 082 | _bPNVM-83081 | ||
| 100 | _aENID BLYTON. | ||
| 245 | _aSecret Seven win Through. | ||
| 260 | _bHODDER & STOUGHTON. | ||
| 260 | _c1988 | ||
| 300 | _a106 | ||
| 600 | _aENID BLYTON. | ||
| 630 | _aSecret Seven win Through. | ||
| 700 | _aENID BLYTON. | ||
| 730 | _aSecret Seven win Through. | ||
| 942 | _cBOOK | ||
| 999 |
_c1347769 _d1347766 |
||